00938nam a2200265 i 4500001001000000003000900010005001700019007000300036008004100039040003000080082002300110100004200133245010400175264003900279300004500318336002800363337003400391338002900425500006700454650002400521650002500545650002600570650002600596700005000622000040702DO-SdBNP20230918135741.0ta130905s2013 dr a 000 0 spa d aDO-SdBNPbspacBNPHUerda 4aRD863.5bR457c2221 aReyes, Isaías Albertod1983-eautor10aCuentos, prosas y algunas locuras /cIsaías Alberto Reyes; Jorge Satrústegui Pérez-Caballero. a[Santo Domingo] :b[s.n.],c2013. a140 páginas :bilustraciones ;c21 cm. 2rdacontent atextobtxt 2rdamediaasin mediación bn 2rdacarrieravolumen bnc aIncluye datos biográficos de los autores en la contraportada 4aCuentos dominicanos 4aCuentos españoles  4aLiteratura dominicana 4aLiteratura española1 aSatrústegui Pérez-Caballero, Jorged1939-